000
00291nam a22001457a 4500
008
210310b ||||| |||| 00| 0 eng d
020
_a
0300040288
041
_a
eng
080
_a
94
082
_a
94
100
_a
19
101
_a
SHH
245
_a
The Duel
_c
Selous,T
942
_2
udc
_c
BK
999
_c
56200
_d
56200